Word Ladder: Mister Rogers' Neighborhood Quiz Stats

Quiz Updated Nov 22, 2016

Challenge
Share
Tweet
Embed
Score 0/51 Timer 05:00
3 Plays Today
Hint Word % Correct
Long hair on a lionMANE
95.5%
Between 12 and 20 yearsTEEN
95.3%
Neighborhood of ____-BelieveMAKE
94.7%
Readied a golf ball to be hitTEED
94.7%
Myers, Tyson, or DitkaMIKE
94.6%
Supply nourishmentFEED
94.2%
Narrow rural roadLANE
92.6%
Eighth of a gallonPINT
91.6%
MetropolisCITY
91.3%
Tiny parasitic arachnidMITE
90%
Mister Rogers' first nameFRED
89.2%
To quoteCITE
89.2%
Loud, sudden soundBANG
88.3%
To complete a plane flightLAND
87%
Microsoft search engineBING
86.8%
Canadian singer k.d.LANG
85.8%
Feeling of sorrow and compassion PITY
85.3%
Lumber WOOD
84.8%
Song: 'It's such a ____ feeling'GOOD
84.6%
Bearded barn animalGOAT
82.8%
Sentence componentWORD
82.3%
Hospital wingWARD
81.7%
Producer WQED's city (abbrev.)PITT.
79.6%
To cleanWASH
79.2%
Rogers' home state (abbrev.)PENN.
78.7%
Back of a hammer headPEEN
78.3%
Hint Word % Correct
Shut in; closely confinedPENT
78%
Hopeful sentimentWISH
77.9%
Song: '____ you be my neighbor?'WON'T
77.9%
Stick for driving cattleGOAD
76.6%
Exchanged for his cardiganCOAT
73.2%
Cloth worn around the waistSASH
73.1%
Long and leanLANK
72.4%
Tahoma or HelveticaFONT
72.1%
To not have enoughLACK
72.1%
Back talkSASS
71.9%
Rogers' pets Fennel and FriedaFISH
71%
Leg terminusFOOT
70.8%
Former Sox catcher CarltonFISK
64.2%
'Shane' actor AlanLADD
63.2%
Dark rail-like birdCOOT
62.1%
Made of fine, open fabricLACY
59.2%
Puppet: ___ Elaine FairchildeLADY
57.8%
Puppet: ____ Friday XIIIKING
57.5%
Scarlett O'Hara's plantationTARA
56.5%
InformantFINK
52.5%
Sharp twist or curve KINK
50.7%
Old sailorsTARS
49.3%
Former Soviet news agencyTASS
49%
Puppet: Queen ___ SaturdaySARA
31.3%
Deep reddish quartzSARD
30%

Today's Daily Dose

Missing Word
1971 Movies A-Z

Word Ladder
Complete Tour

Quick Pick
Logo Colors

On This Day
January 19th

You're not logged in!

Compare scores with friends on all Sporcle quizzes.
Sign Up with Email
OR
Log In

You Might Also Like...

Show Comments

Extras

Top Quizzes Today


Score Distribution

Your Account Isn't Verified!

In order to create a playlist on Sporcle, you need to verify the email address you used during registration. Go to your Sporcle Settings to finish the process.